[Event "Budapest FS05 FM-B"]
[Site "Budapest"]
[Date "2009.05.09"]
[Round "7"]
[White "Farkas, Rene"]
[Black "Lajtos, Levente"]
[Result "1-0"]
[WhiteElo "1709"]
[BlackElo "1632"]
[PlyCount "47"]
[EventDate "2009.05.02"]
[EventType "tourn"]
[EventRounds "9"]
[EventCountry "HUN"]
[SourceTitle "CBM 130 Extra"]
[Source "ChessBase"]
[SourceDate "2009.07.02"]
[SourceVersion "2"]
[SourceVersionDate "2009.07.15"]
[SourceQuality "1"]

1. e4 c5 2. Nc3 Nc6 3. g3 d6 4. Bg2 Nf6 5. d3 g6 6. Be3 Bg7 7. f4 0-0 8. Nf3 Qa5 9. a3 d5 10. Bd2 Qd8 11. e5 d4 12. exf6 dxc3 13. fxg7 cxd2+ 14. Qxd2 Kxg7 15. Qc3+ Nd4 16. Qxc5 Bh3 17. Nxd4 Bxg2 18. Rg1 Bh3 19. g4 Qd7 20. f5 Rac8 21. Qe5+ f6 22. Ne6+ Kh8 23. Nxf8 Rxf8 24. Qg3 1-0

[Event "Budapest FS05 FM-B"]
[Site "Budapest"]
[Date "2009.05.02"]
[Round "1"]
[White "Farkas, Rene"]
[Black "Szoukup, Istvan"]
[Result "1-0"]
[WhiteElo "1709"]
[BlackElo "1839"]
[PlyCount "41"]
[EventDate "2009.05.02"]
[EventType "tourn"]
[EventRounds "9"]
[EventCountry "HUN"]
[SourceTitle "CBM 130 Extra"]
[Source "ChessBase"]
[SourceDate "2009.07.02"]
[SourceVersion "2"]
[SourceVersionDate "2009.07.15"]
[SourceQuality "1"]

1. e4 e5 2. Nf3 Nc6 3. Bb5 a6 4. Bxc6 dxc6 5. 0-0 f6 6. d3 Bg4 7. h3 h5 8. Nbd2 Bc5 9. a3 f5 10. exf5 Qe7 11. Re1 0-0-0 12. hxg4 hxg4 13. Rxe5 g3 14. Ne4 gxf2+ 15. Nxf2 Nf6 16. Rxe7 Ng4 17. Re2 Bxf2+ 18. Rxf2 Rh1+ 19. Kxh1 Nxf2+ 20. Kg1 Nxd1 21. Bg5 1-0